QCM sur l’Espagne - Statistiques

Statistiques générales
  • Ce quiz a été pris 163 fois
  • Le résultat moyen est 10 sur 12
Statistiques - réponses
Question Réponse % Correct
Dans quelle péninsule se situe l’Espagne ? Ibérique
94%
Quelle célèbre basilique barcelonaise a été inachevée par son architecte, Antoni Gaudí ? Sagrada Família
94%
Quel joueur de tennis espagnol a remporté 14 Roland Garros ? Rafael Nadal
92%
Quel lieu de pèlerinage célèbre en Espagne est symbolisé par une coquille ? Saint-Jacques-de-Compostelle
90%
Quel dictateur dirigea l’Espagne durant presque 40 ans ? Franco
88%
Quel continent l’Espagne domine-t-elle durant l’époque coloniale ? Amérique
87%
Laquelle de ces villes se trouve en Andalousie ? Séville
87%
Sur quelle île se trouve la ville de Palma ? Majorque
85%
Qui a peint Guernica ? Pablo Picasso
81%
De quelle région est originaire la paëlla ? Valence
65%
Quel club de football est surnommé les blaugranas ? FC Barcelone
58%
Quelle religion domine l’Espagne au Moyen-Âge ? Islam
58%
Aucun quiz correspondant
Distribution des résultats
% des personnes avec chaque résultat
Percentile par nombre de réponses
Votre historique - résultats
Vous n’avez pas pris ce quiz